| 000 | 00752cab a2200241 4500 | ||
|---|---|---|---|
| 001 | A79 | ||
| 008 | 090401t1990 xxu||||| |||| 00| 0 eng d | ||
| 035 | _a(Sirsi) u32183 | ||
| 041 | _aeng | ||
| 100 | _aEvans, Mick | ||
| 245 | _aHazardous gases in the environment | ||
| 260 | _c1990 | ||
| 350 | _a0 | ||
| 490 |
_aLand & Minerals Surveying _v8(5) May 1990, 234-237(4) |
||
| 520 | _aA summary of a one-day seminar held at UMIST. There were seven papers on hazardous gases including methane, landfill, radon and hydrogen sulphide, and methods of controlling gas migration. | ||
| 650 | _aGAS MIGRATION | ||
| 650 | _aHAZARDOUS GASES | ||
| 650 | _aLANDFILL GASES | ||
| 650 | _aRADON GAS | ||
| 690 | _aLAND | ||
| 942 | _n0 | ||
| 948 | _c04/03/1997 | ||
| 999 |
_c21598 _d21598 |
||